Bioscope: (Record no. 192189)

MARC details
000 -LEADER
fixed length control field 00616nam a22001817a 4500
005 - DATE AND TIME OF LATEST TRANSACTION
control field 20220913144743.0
010 ## - LCCN (DPL NO)
LC control number ENG-135057
020 ## - INTERNATIONAL STANDARD BOOK NUMBER
International Standard Book Number 9789351952282
Terms of availability 399.00
035 ## - SYSTEM CONTROL NUMBER
System control number EN-118589
037 ## - SOURCE OF ACQUISITION
Source of stock number/acquisition DBAD/PUB
082 ## - DEWEY DECIMAL CLASSIFICATION NUMBER
Classification number 791.4
100 ## - MAIN ENTRY--PERSONAL NAME
Personal name Chaudhuri, Diptakirti
245 ## - TITLE STATEMENT
Title Bioscope:
Remainder of title A Frivolous History of Bollywood in Ten Chapters/
Statement of responsibility, etc Diptakirti Chaudhuri
260 ## - PUBLICATION, DISTRIBUTION, ETC. (IMPRINT)
Place of publication, distribution, etc Gurgaon
Name of publisher, distributor, etc Hachette Book Publishing India Pvt Ltd
Date of publication, distribution, etc 2018
270 ## - ADDRESS
Address 4th/8th Floors, Corporate Centre Plot No. 94, Sector 44
City Gurgaon
Postal code 122003
300 ## - PHYSICAL DESCRIPTION
Extent viii, 222p.
Dimensions 20cm(pbk)
942 ## - ADDED ENTRY ELEMENTS (KOHA)
Source of classification or shelving scheme Dewey Decimal Classification
Item type English Books
Classification part 791.4
Call number suffix CHA
Holdings
Withdrawn status Lost status Not for loan Collection code Home library Current library Date acquired Source of acquisition Cost, normal purchase price Full call number Barcode Copy number Cost, replacement price Koha item type
    Not For Loan Non-fiction D.B.Act.Division D.B.Act.Division 13/09/2022 DBAD/PUB 399.00 791.4 CHA EN-118589 1 399.00 English Books

© Delhi Public Library
Hit Counter
free hit counter